000 00729nam a2200229 a 4500
001 42077
003 BD-RjUL
005 20211209053505.0
008 160609s1964 enk 000 0 eng
035 _a(BD-RjUL)42195
040 _aDLC
_cOTU
_dOCoLC
_dUk
_dBD-RjUL
_beng
041 _aeng
082 _219
_a327.42056
_bBUB 1964
100 1 _aBullard, Reader,
_d1885-1976.
_9129392
245 1 0 _aBritain and the Middle East from earliest times to 1963 /
_c[by] Sir Reader Bullard.
260 _aLondon :
_b[Hutchinson,
_cc1964
300 _a200p.;
_c20cm
651 0 _aGreat Britain
_xForeign relations.
_9129393
651 0 _aMiddle East
_xPolitics and government.
_9129394
942 _2ddc
_cBK
999 _c42077
_d42077